[Event "VI Sunway Sitges Open 2019"]
[Site "Sitges"]
[Date "2019.12.15"]
[Round "3.36"]
[White "Puranik, Abhimanyu"]
[Black "Gorshtein, Ido"]
[Result "1-0"]
[WhiteElo "2580"]
[BlackElo "2372"]
[Annotator "ChessBase"]
[PlyCount "99"]
[EventDate "2019.12.13"]
[EventType "swiss"]
[EventCountry "ESP"]
[SourceTitle "playchess.com"]
[Source "ChessBase"]
[SourceQuality "1"]
[TimeControl "40/5400+30:1800+30"]

1. e4 {[%emt 0:00:37]} c6 {[%emt 0:00:00]} 2. Nf3 {[%emt 0:00:04]} d5 {[%emt 0:00:00]} 3. d3 {[%emt 0:00:07]} dxe4 {[%emt 0:00:00]} 4. dxe4 {[%emt 0:00:04]} Qxd1+ {[%emt 0:00:06]} 5. Kxd1 {[%emt 0:00:02]} Nf6 {[%emt 0:00:06]} 6. Nfd2 {[%emt 0:00:41]} g5 {[%emt 0:00:14]} 7. a4 {[%emt 0:19:39]} Rg8 {[%emt 0:02:16]} 8. Na3 {[%emt 0:09:13]} g4 {[%emt 0:05:07]} 9. Bd3 {[%emt 0:05:51]} Be6 {[%emt 0:04:07]} 10. Ndc4 {[%emt 0:13:54]} Na6 {[%emt 0:11:25]} 11. Be3 {[%emt 0:00:41]} Nb4 {[%emt 0:00:42]} 12. Ke2 {[%emt 0:02:18]} Nh5 {[%emt 0:04:27]} 13. Rhd1 {[%emt 0:03:54]} f5 {[%emt 0:06:14]} 14. exf5 {[%emt 0:01:26]} Bd5 {[%emt 0:02:43]} 15. Kf1 {[%emt 0:00:34]} Nxd3 {[%emt 0:02:49]} 16. Rxd3 {[%emt 0:00:18]} Ng7 {[%emt 0:04:44]} 17. Re1 {[%emt 0:04:21]} Nxf5 {[%emt 0:02:35]} 18. Bc5 {[%emt 0:04:20]} b6 {[%emt 0:16:08]} 19. Bb4 {[%emt 0:04:06]} O-O-O {[%emt 0:02:12]} 20. Ne3 {[%emt 0:10:18]} Nxe3+ {[%emt 0:00:44]} 21. Rexe3 {[%emt 0:02:56]} c5 {[%emt 0:00:54]} 22. Bc3 {[%emt 0:00:13]} c4 {[%emt 0:02:05]} 23. Rd4 {[%emt 0:01:59]} e6 {[%emt 0:00:52]} 24. Re2 {[%emt 0:09:41]} Bc5 {[%emt 0:03:41]} 25. Rf4 {[%emt 0:00:22]} Rdf8 {[%emt 0:01:49]} 26. Rxf8+ {[%emt 0:00:17]} Rxf8 {[%emt 0:00:07]} 27. Rd2 {[%emt 0:03:45]} Rf4 {[%emt 0:02:33]} 28. g3 {[%emt 0:00:46]} Rf3 {[%emt 0:00:52]} 29. Nb1 {[%emt 0:01:20]} Bc6 {[%emt 0:03:25]} 30. a5 {[%emt 0:00:10]} b5 {[%emt 0:01:12]} 31. Bd4 {[%emt 0:00:10]} Rf5 {[%emt 0:01:32]} 32. Bxc5 {[%emt 0:00:38]} Rxc5 {[%emt 0:00:02]} 33. Rd4 {[%emt 0:00:41]} Rd5 {[%emt 0:04:51]} 34. Rxd5 {[%emt 0:00:16]} exd5 {[%emt 0:00:02]} 35. Nc3 {[%emt 0:00:50]} b4 {[%emt 0:04:37]} 36. Na2 {[%emt 0:00:36]} b3 {[%emt 0:00:03]} 37. cxb3 {[%emt 0:00:03]} cxb3 {[%emt 0:00:02]} 38. Nb4 {[%emt 0:00:55]} Bb5+ {[%emt 0:00:56]} 39. Ke1 {[%emt 0:00:02]} d4 {[%emt 0:00:24]} 40. Nd5 {[%emt 0:00:00]} Kb7 {[%emt 0:00:00]} 41. Nf6 {[%emt 0:07:28]} Ka6 {[%emt 0:01:46]} 42. Nxg4 {[%emt 0:01:03]} Kxa5 {[%emt 0:00:55]} 43. f4 {[%emt 0:04:32]} Kb4 {[%emt 0:02:39]} 44. f5 {[%emt 0:04:15]} a5 {[%emt 0:05:48]} 45. f6 {[%emt 0:01:53]} Be8 {[%emt 0:00:03]} 46. Ne5 {[%emt 0:00:19]} a4 {[%emt 0:00:05]} 47. f7 {[%emt 0:01:32]} Bxf7 {[%emt 0:00:02]} 48. Nxf7 {[%emt 0:00:01]} a3 {[%emt 0:00:09]} 49. bxa3+ {[%emt 0:00:04]} Kc3 {[%emt 0:00:02]} 50. Ng5 {[%emt 0:00:41]} 1-0

[Event "VI Sunway Sitges Open 2019"]
[Site "Sitges"]
[Date "2019.12.15"]
[Round "3.37"]
[White "Erigaisi Arjun"]
[Black "Lopez Mulet, Inigo"]
[Result "1-0"]
[WhiteElo "2544"]
[BlackElo "2382"]
[Annotator "ChessBase"]
[PlyCount "67"]
[EventDate "2019.12.13"]
[EventType "swiss"]
[EventCountry "ESP"]
[SourceTitle "playchess.com"]
[Source "ChessBase"]
[SourceQuality "1"]
[TimeControl "40/5400+30:1800+30"]

1. Nf3 {[%emt 0:03:40]} d5 {[%emt 0:00:00]} 2. c4 {[%emt 0:00:06]} e6 {[%emt 0:00:08]} 3. g3 {[%emt 0:00:06]} Nf6 {[%emt 0:00:15]} 4. b3 {[%emt 0:00:05]} d4 {[%emt 0:01:13]} 5. Bb2 {[%emt 0:00:35]} c5 {[%emt 0:00:57]} 6. e3 {[%emt 0:00:18]} Nc6 {[%emt 0:00:13]} 7. exd4 {[%emt 0:00:07]} cxd4 {[%emt 0:00:04]} 8. Bg2 {[%emt 0:00:05]} Bc5 {[%emt 0:03:04]} 9. O-O {[%emt 0:00:45]} O-O {[%emt 0:00:17]} 10. Re1 {[%emt 0:00:10]} Re8 {[%emt 0:03:26]} 11. Ne5 {[%emt 0:02:50]} Nxe5 12. Rxe5 {[%emt 0:00:08]} Nd7 {[%emt 0:12:41]} 13. Re1 {[%emt 0:01:31]} e5 {[%emt 0:00:18]} 14. a3 {[%emt 0:05:04]} a5 {[%emt 0:01:24]} 15. d3 {[%emt 0:00:15]} f5 {[%emt 0:15:47]} 16. f4 {[%emt 0:14:02]} exf4 {[%emt 0:11:13]} 17. gxf4 {[%emt 0:00:30]} Nf6 {[%emt 0:01:25]} 18. Nd2 {[%emt 0:01:21]} Rxe1+ {[%emt 0:04:35]} 19. Qxe1 {[%emt 0:00:09]} Qc7 {[%emt 0:00:13]} 20. Qh4 {[%emt 0:10:07]} Bd7 {[%emt 0:06:16]} 21. Nf3 {[%emt 0:16:15]} Qb6 {[%emt 0:02:59]} 22. Ne5 {[%emt 0:02:18]} Qxb3 {[%emt 0:04:49]} 23. Qf2 {[%emt 0:00:14]} Qb6 {[%emt 0:13:34]} 24. Bd5+ {[%emt 0:01:44]} Nxd5 {[%emt 0:02:26]} 25. Nxd7 {[%emt 0:00:41]} Qg6+ {[%emt 0:01:10]} 26. Qg3 {[%emt 0:02:26]} Qd6 {[%emt 0:10:01]} 27. Nxc5 {[%emt 0:00:36]} Nxf4 {[%emt 0:00:21]} 28. Re1 {[%emt 0:00:30]} Qh6 {[%emt 0:04:33]} 29. Bxd4 {[%emt 0:01:02]} Rd8 {[%emt 0:00:36]} 30. Be3 {[%emt 0:00:25]} Nh3+ {[%emt 0:00:08]} 31. Kg2 {[%emt 0:00:08]} f4 {[%emt 0:00:50]} 32. Qxh3 {[%emt 0:00:08]} Qg6+ {[%emt 0:00:27]} 33. Kh1 {[%emt 0:00:29]} fxe3 {[%emt 0:00:05]} 34. Qxe3 {[%emt 0:00:08]} 1-0

[Event "VI Sunway Sitges Open 2019"]
[Site "Sitges"]
[Date "2019.12.15"]
[Round "3.38"]
[White "Milliet, Sophie"]
[Black "Moradiabadi, Elshan"]
[Result "0-1"]
[WhiteElo "2398"]
[BlackElo "2539"]
[Annotator "ChessBase"]
[PlyCount "114"]
[EventDate "2019.12.13"]
[EventType "swiss"]
[EventCountry "ESP"]
[SourceTitle "playchess.com"]
[Source "ChessBase"]
[SourceQuality "1"]
[TimeControl "40/5400+30:1800+30"]

1. e4 {[%emt 0:00:00]} c5 {[%emt 0:00:00]} 2. Nf3 {[%emt 0:00:00]} Nc6 {[%emt 0:00:00]} 3. Bb5 {[%emt 0:01:51]} e6 {[%emt 0:00:00]} 4. O-O {[%emt 0:01:41]} Nge7 {[%emt 0:00:00]} 5. Re1 {[%emt 0:00:25]} Ng6 {[%emt 0:00:00]} 6. c3 {[%emt 0:00:53]} a6 {[%emt 0:03:50]} 7. Bf1 {[%emt 0:01:39]} Be7 {[%emt 0:09:25]} 8. d4 {[%emt 0:00:13]} cxd4 {[%emt 0:00:08]} 9. cxd4 {[%emt 0:00:04]} d5 {[%emt 0:00:03]} 10. Nc3 {[%emt 0:16:21]} dxe4 {[%emt 0:00:34]} 11. Nxe4 {[%emt 0:00:46]} O-O {[%emt 0:00:05]} 12. a3 {[%emt 0:05:24]} b5 {[%emt 0:11:52]} 13. b4 {[%emt 0:03:22]} Rb8 {[%emt 0:01:49]} 14. Bb2 {[%emt 0:01:50]} a5 {[%emt 0:02:53]} 15. Qc2 {[%emt 0:23:29]} Bb7 {[%emt 0:03:56]} 16. Nc5 {[%emt 0:01:24]} Ba8 {[%emt 0:00:01]} 17. d5 {[%emt 0:15:11]} exd5 {[%emt 0:02:53]} 18. Rad1 {[%emt 0:00:18]} axb4 {[%emt 0:00:21]} 19. axb4 {[%emt 0:00:04]} Qd6 {[%emt 0:07:50]} 20. Qb3 {[%emt 0:05:27]} Rfd8 {[%emt 0:05:50]} 21. Nd4 {[%emt 0:03:09]} Nxd4 {[%emt 0:01:18]} 22. Rxd4 {[%emt 0:00:03]} Qb6 {[%emt 0:04:09]} 23. h4 {[%emt 0:05:01]} Bxh4 {[%emt 0:02:41]} 24. Ra1 {[%emt 0:09:58]} Rbc8 {[%emt 0:02:42]} 25. Ra6 {[%emt 0:00:34]} Qb8 {[%emt 0:00:01]} 26. Rxg6 {[%emt 0:01:16]} Bxf2+ {[%emt 0:00:14]} 27. Kxf2 {[%emt 0:00:02]} hxg6 {[%emt 0:00:05]} 28. Qh3 {[%emt 0:00:42]} Qe5 {[%emt 0:01:15]} 29. Bc3 {[%emt 0:01:56]} Bc6 {[%emt 0:03:46]} 30. Bd3 {[%emt 0:01:12]} f5 {[%emt 0:01:05]} 31. Qe3 {[%emt 0:00:40]} Qxe3+ {[%emt 0:02:05]} 32. Kxe3 {[%emt 0:00:01]} Ra8 {[%emt 0:00:07]} 33. g4 {[%emt 0:00:28]} Re8+ {[%emt 0:01:56]} 34. Kf4 {[%emt 0:00:03]} Ra3 {[%emt 0:00:31]} 35. Bd2 {[%emt 0:00:38]} Ra2 {[%emt 0:00:01]} 36. Bf1 {[%emt 0:00:42]} Ra1 {[%emt 0:06:17]} 37. Bg2 {[%emt 0:00:09]} Rg1 {[%emt 0:00:06]} 38. Kf3 {[%emt 0:01:23]} fxg4+ {[%emt 0:03:38]} 39. Kf2 {[%emt 0:00:01]} Rd1 {[%emt 0:00:04]} 40. Bxd5+ {[%emt 0:00:00]} Bxd5 {[%emt 0:00:00]} 41. Rxd5 {[%emt 0:00:42]} Rf8+ {[%emt 0:03:55]} 42. Ke2 {[%emt 0:05:22]} Rg1 {[%emt 0:00:17]} 43. Be3 {[%emt 0:00:55]} Rg2+ {[%emt 0:00:05]} 44. Kd3 {[%emt 0:00:08]} Rb2 {[%emt 0:02:56]} 45. Rd4 {[%emt 0:14:33]} g3 {[%emt 0:00:33]} 46. Rg4 {[%emt 0:00:11]} g2 {[%emt 0:00:22]} 47. Rxg6 {[%emt 0:01:47]} Rf3 {[%emt 0:13:55]} 48. Rg5 {[%emt 0:06:42]} Rh3 {[%emt 0:02:10]} 49. Rg4 {[%emt 0:01:25]} Kh7 {[%emt 0:03:23]} 50. Rg5 {[%emt 0:00:31]} Rf2 {[%emt 0:08:30]} 51. Kd4 {[%emt 0:02:16]} Re2 {[%emt 0:00:01]} 52. Bg1 {[%emt 0:01:06]} Rh1 {[%emt 0:00:07]} 53. Kd3 {[%emt 0:01:38]} Re1 {[%emt 0:00:17]} 54. Rxg2 {[%emt 0:00:51]} Rexg1 {[%emt 0:00:09]} 55. Rb2 {[%emt 0:00:31]} Rb1 {[%emt 0:00:50]} 56. Rg2 {[%emt 0:00:05]} Rbg1 {[%emt 0:01:14]} 57. Rb2 {[%emt 0:00:49]} Rg4 {[%emt 0:00:32] Kd4} 0-1

[Event "VI Sunway Sitges Open 2019"]
[Site "Sitges"]
[Date "2019.12.15"]
[Round "3.39"]
[White "Kulaots, Kaido"]
[Black "Alexiadis, Hristos"]
[Result "0-1"]
[WhiteElo "2538"]
[BlackElo "2346"]
[Annotator "ChessBase"]
[PlyCount "83"]
[EventDate "2019.12.13"]
[EventType "swiss"]
[EventCountry "ESP"]
[SourceTitle "playchess.com"]
[Source "ChessBase"]
[SourceQuality "1"]
[TimeControl "40/5400+30:1800+30"]

1. e4 {[%emt 0:00:00]} c5 {[%emt 0:00:00]} 2. Nf3 {[%emt 0:00:00]} d6 {[%emt 0:00:24]} 3. Bb5+ {[%emt 0:00:15]} Nd7 {[%emt 0:00:22]} 4. O-O {[%emt 0:00:11]} a6 {[%emt 0:00:19]} 5. Bd3 {[%emt 0:00:08]} Ngf6 {[%emt 0:00:31]} 6. a4 {[%emt 0:00:36]} e6 {[%emt 0:00:49]} 7. Re1 {[%emt 0:02:55]} Be7 {[%emt 0:00:42]} 8. c3 {[%emt 0:06:29]} O-O {[%emt 0:00:30]} 9. Bc2 {[%emt 0:01:55]} Qc7 {[%emt 0:02:37]} 10. d4 {[%emt 0:00:22]} e5 {[%emt 0:00:18]} 11. Nbd2 {[%emt 0:02:55]} cxd4 {[%emt 0:06:38]} 12. cxd4 exd4 {[%emt 0:00:07]} 13. Nxd4 {[%emt 0:03:06]} Re8 {[%emt 0:00:17]} 14. Nf1 {[%emt 0:02:11]} Bf8 {[%emt 0:01:46]} 15. Bg5 {[%emt 0:06:07]} g6 {[%emt 0:07:35]} 16. Qd2 {[%emt 0:03:22]} Bg7 {[%emt 0:01:32]} 17. Rad1 {[%emt 0:07:09]} Nc5 {[%emt 0:11:47]} 18. Ng3 {[%emt 0:30:19]} Ne6 {[%emt 0:04:24]} 19. Bxf6 {[%emt 0:08:25]} Bxf6 {[%emt 0:00:07]} 20. Ndf5 {[%emt 0:00:58]} Bxb2 {[%emt 0:19:34]} 21. Nxd6 {[%emt 0:07:25]} Rd8 {[%emt 0:00:28]} 22. e5 {[%emt 0:00:31]} Bc3 {[%emt 0:04:07]} 23. Qh6 {[%emt 0:05:47]} Bxe5 {[%emt 0:04:06]} 24. Rxe5 {[%emt 0:00:17]} Rxd6 {[%emt 0:00:54]} 25. Rde1 {[%emt 0:01:39]} Rc6 {[%emt 0:11:23]} 26. Nh5 {[%emt 0:03:38]} Qe7 {[%emt 0:00:31]} 27. Bb1 {[%emt 0:04:31]} Rb6 {[%emt 0:04:43]} 28. Bc2 {[%emt 0:01:39]} Rc6 {[%emt 0:00:06]} 29. Bb1 {[%emt 0:00:52]} Rb6 {[%emt 0:00:07]} 30. Nf4 {[%emt 0:00:35]} Qf8 {[%emt 0:04:49]} 31. Qxf8+ {[%emt 0:00:36]} Kxf8 {[%emt 0:00:05]} 32. Nd5 {[%emt 0:00:12]} Rd6 {[%emt 0:00:11]} 33. a5 {[%emt 0:00:44]} Bd7 {[%emt 0:00:30]} 34. h4 {[%emt 0:00:35]} Bc6 {[%emt 0:01:10]} 35. Nb6 {[%emt 0:00:31]} Rad8 {[%emt 0:00:18]} 36. Ba2 {[%emt 0:00:24]} Nf4 {[%emt 0:01:19]} 37. Re7 {[%emt 0:00:36]} Rf6 {[%emt 0:00:08]} 38. Rc7 {[%emt 0:00:26]} Rd2 {[%emt 0:00:55]} 39. Bc4 {[%emt 0:00:34]} Nxg2 {[%emt 0:06:47]} 40. Ree7 {[%emt 0:00:00]} Rdxf2 {[%emt 0:00:00]} 41. Nd5 {[%emt 0:08:48]} Bxd5 {[%emt 0:03:26]} 42. Bxd5 {[%emt 0:00:04]} 0-1

[Event "VI Sunway Sitges Open 2019"]
[Site "Sitges"]
[Date "2019.12.15"]
[Round "3.40"]
[White "Harsha Bharathakoti"]
[Black "Sorensen, Hampus"]
[Result "1/2-1/2"]
[WhiteElo "2523"]
[BlackElo "2364"]
[Annotator "ChessBase"]
[PlyCount "69"]
[EventDate "2019.12.13"]
[EventType "swiss"]
[EventCountry "ESP"]
[SourceTitle "playchess.com"]
[Source "ChessBase"]
[SourceQuality "1"]
[TimeControl "40/5400+30:1800+30"]

1. c4 {[%emt 0:04:34]} e5 {[%emt 0:01:21]} 2. g3 {[%emt 0:01:36]} Nf6 {[%emt 0:00:44]} 3. Bg2 {[%emt 0:02:43]} d5 {[%emt 0:00:09]} 4. cxd5 {[%emt 0:00:00]} Nxd5 {[%emt 0:00:25]} 5. Nc3 {[%emt 0:00:19]} Nb6 {[%emt 0:02:18]} 6. d3 {[%emt 0:02:05]} Be7 {[%emt 0:01:08]} 7. Nh3 {[%emt 0:14:13]} O-O {[%emt 0:17:43]} 8. O-O {[%emt 0:00:00]} N8d7 {[%emt 0:01:51]} 9. f4 {[%emt 0:00:00]} c6 {[%emt 0:00:39]} 10. f5 {[%emt 0:09:50]} Nf6 {[%emt 0:11:42]} 11. e4 {[%emt 0:29:17]} h6 {[%emt 0:00:00]} 12. Nf2 {[%emt 0:00:05]} Nbd7 {[%emt 0:00:11]} 13. Qf3 {[%emt 0:01:22]} b6 {[%emt 0:04:12]} 14. h4 {[%emt 0:04:10]} Ba6 {[%emt 0:02:27]} 15. Rd1 {[%emt 0:00:15]} Ne8 {[%emt 0:07:38]} 16. Kh2 {[%emt 0:04:17]} Rc8 {[%emt 0:05:38]} 17. Bf1 {[%emt 0:03:37]} Rc7 {[%emt 0:00:00]} 18. Be3 {[%emt 0:07:11]} Bc5 {[%emt 0:01:24]} 19. Bxc5 {[%emt 0:01:26]} Nxc5 {[%emt 0:01:51]} 20. Ng4 {[%emt 0:00:06]} Qe7 {[%emt 0:02:57]} 21. Nxe5 {[%emt 0:04:23]} Qxe5 {[%emt 0:03:12]} 22. d4 {[%emt 0:00:03]} Qe7 {[%emt 0:00:31]} 23. dxc5 {[%emt 0:00:05]} Bxf1 {[%emt 0:00:01]} 24. cxb6 {[%emt 0:00:05]} axb6 {[%emt 0:00:20]} 25. Rxf1 {[%emt 0:01:24]} Nf6 {[%emt 0:00:08]} 26. Rad1 {[%emt 0:03:48]} Rd7 {[%emt 0:01:30]} 27. Rxd7 {[%emt 0:00:00]} Nxd7 {[%emt 0:00:55]} 28. Kg2 {[%emt 0:00:18]} b5 {[%emt 0:01:37]} 29. a3 {[%emt 0:02:43]} Rd8 {[%emt 0:02:56]} 30. Rd1 {[%emt 0:01:25]} Ne5 {[%emt 0:00:00]} 31. Rxd8+ {[%emt 0:00:42]} Qxd8 {[%emt 0:00:00]} 32. Qd1 {[%emt 0:00:22]} Qb6 {[%emt 0:00:00]} 33. Qg1 {[%emt 0:00:58]} Qd8 {[%emt 0:01:28]} 34. Qd1 {[%emt 0:00:14]} Qb6 {[%emt 0:00:01]} 35. Qg1 {[%emt 0:00:22]} 1/2-1/2

[Event "VI Sunway Sitges Open 2019"]
[Site "Sitges"]
[Date "2019.12.15"]
[Round "3.41"]
[White "Sankalp Gupta"]
[Black "Narciso Dublan, Marc"]
[Result "1/2-1/2"]
[WhiteElo "2365"]
[BlackElo "2516"]
[Annotator "ChessBase"]
[PlyCount "71"]
[EventDate "2019.12.13"]
[EventType "swiss"]
[EventCountry "ESP"]
[SourceTitle "playchess.com"]
[Source "ChessBase"]
[SourceQuality "1"]
[TimeControl "40/5400+30:1800+30"]

1. e4 {[%emt 0:03:17]} c6 {[%emt 0:00:00]} 2. d4 {[%emt 0:01:57]} d5 {[%emt 0:00:10]} 3. e5 {[%emt 0:00:02]} Bf5 {[%emt 0:00:11]} 4. h4 {[%emt 0:00:02]} h5 {[%emt 0:03:21]} 5. Bd3 {[%emt 0:00:52]} Bxd3 {[%emt 0:00:14]} 6. Qxd3 {[%emt 0:00:09]} Qa5+ {[%emt 0:00:09]} 7. Nd2 {[%emt 0:00:12]} e6 {[%emt 0:00:36]} 8. Ngf3 {[%emt 0:01:48]} Ne7 {[%emt 0:11:20]} 9. O-O {[%emt 0:01:29]} Nf5 {[%emt 0:00:35]} 10. c4 {[%emt 0:01:08]} Be7 {[%emt 0:00:56]} 11. g3 {[%emt 0:02:32]} O-O {[%emt 0:03:56]} 12. a3 {[%emt 0:09:44]} Qd8 {[%emt 0:07:37]} 13. b3 {[%emt 0:04:29]} a5 {[%emt 0:03:43]} 14. Rd1 {[%emt 0:03:26]} Na6 {[%emt 0:05:56]} 15. cxd5 {[%emt 0:02:37]} Qxd5 {[%emt 0:03:42]} 16. Nc4 {[%emt 0:06:32]} Rad8 {[%emt 0:01:24]} 17. Nb6 {[%emt 0:02:13]} Qb5 {[%emt 0:00:28]} 18. Qxb5 {[%emt 0:00:14]} cxb5 {[%emt 0:00:05]} 19. Bb2 {[%emt 0:00:52]} Nc7 {[%emt 0:15:46]} 20. Bc3 {[%emt 0:09:54]} b4 {[%emt 0:06:26]} 21. axb4 {[%emt 0:01:20]} Nb5 {[%emt 0:00:07]} 22. Bb2 {[%emt 0:00:20]} Bxb4 {[%emt 0:00:15]} 23. Rac1 {[%emt 0:00:21]} Ne7 {[%emt 0:03:37]} 24. Ng5 {[%emt 0:08:14]} Nd5 {[%emt 0:01:31]} 25. Nxd5 {[%emt 0:00:34]} Rxd5 {[%emt 0:00:12]} 26. Nh3 {[%emt 0:00:05]} Rfd8 {[%emt 0:06:21]} 27. Nf4 {[%emt 0:04:25]} R5d7 {[%emt 0:00:10]} 28. d5 {[%emt 0:16:33]} exd5 {[%emt 0:01:48]} 29. e6 {[%emt 0:00:34]} fxe6 {[%emt 0:17:54]} 30. Nxe6 {[%emt 0:00:02]} Re8 {[%emt 0:00:58]} 31. Nxg7 {[%emt 0:01:23]} Rxg7 {[%emt 0:00:50]} 32. Rxd5 {[%emt 0:00:07]} Rc7 {[%emt 0:03:09]} 33. Rg5+ {[%emt 0:00:41]} Kf8 {[%emt 0:00:09]} 34. Rf5+ {[%emt 0:00:09]} Kg8 {[%emt 0:00:09]} 35. Rg5+ {[%emt 0:03:22]} Kf8 {[%emt 0:00:05]} 36. Rf5+ {[%emt 0:02:55]} 1/2-1/2

[Event "VI Sunway Sitges Open 2019"]
[Site "Sitges"]
[Date "2019.12.15"]
[Round "3.42"]
[White "Sadzikowski, Daniel"]
[Black "Garcia Martin, Marta"]
[Result "1/2-1/2"]
[WhiteElo "2504"]
[BlackElo "2306"]
[Annotator "ChessBase"]
[PlyCount "122"]
[EventDate "2019.12.13"]
[EventType "swiss"]
[EventCountry "ESP"]
[SourceTitle "playchess.com"]
[Source "ChessBase"]
[SourceQuality "1"]
[TimeControl "40/5400+30:1800+30"]

1. c4 {[%emt 0:00:00]} e6 {[%emt 0:06:02]} 2. Nc3 {[%emt 0:00:00]} d5 {[%emt 0:00:18]} 3. d4 {[%emt 0:00:00]} a6 {[%emt 0:01:09]} 4. cxd5 {[%emt 0:01:50]} exd5 {[%emt 0:00:07]} 5. Qb3 {[%emt 0:00:08]} c5 {[%emt 0:06:34]} 6. Nxd5 {[%emt 0:01:36]} Nc6 {[%emt 0:03:20]} 7. Bg5 {[%emt 0:01:06]} f6 {[%emt 0:27:21]} 8. Be3 {[%emt 0:02:29]} cxd4 {[%emt 0:07:21]} 9. Bd2 {[%emt 0:00:57]} Bc5 {[%emt 0:09:48]} 10. Rc1 {[%emt 0:13:01]} Ba7 {[%emt 0:09:32]} 11. Nh3 {[%emt 0:14:33]} Nge7 {[%emt 0:02:49]} 12. Nhf4 {[%emt 0:00:50]} Nxd5 {[%emt 0:04:39]} 13. Nxd5 {[%emt 0:01:05]} Be6 {[%emt 0:02:40]} 14. Nc7+ {[%emt 0:06:55]} Qxc7 {[%emt 0:00:08]} 15. Qxe6+ {[%emt 0:00:06]} Qe7 {[%emt 0:00:07]} 16. Qxe7+ {[%emt 0:26:50]} Kxe7 {[%emt 0:00:10]} 17. h4 {[%emt 0:00:52]} Rac8 {[%emt 0:06:28]} 18. Rh3 {[%emt 0:00:05]} Ne5 {[%emt 0:02:12]} 19. Rb3 {[%emt 0:06:37]} Rxc1+ {[%emt 0:02:07]} 20. Bxc1 {[%emt 0:00:01]} Rb8 {[%emt 0:00:51]} 21. g3 {[%emt 0:03:23]} b5 {[%emt 0:03:02]} 22. Bf4 {[%emt 0:05:26]} a5 {[%emt 0:00:53]} 23. g4 {[%emt 0:04:01]} a4 {[%emt 0:01:29]} 24. Rg3 {[%emt 0:00:14]} Rc8 {[%emt 0:00:30]} 25. g5 {[%emt 0:00:56]} Rc2 {[%emt 0:02:19]} 26. gxf6+ {[%emt 0:00:06]} Kxf6 {[%emt 0:00:24]} 27. Bg5+ {[%emt 0:03:19]} Kf7 {[%emt 0:00:14]} 28. Bg2 {[%emt 0:04:13]} Rxb2 {[%emt 0:00:54]} 29. Bd5+ {[%emt 0:01:03]} Kf8 {[%emt 0:00:10]} 30. Bc1 {[%emt 0:01:00]} Rc2 {[%emt 0:00:46]} 31. Ba3+ {[%emt 0:01:13]} Bc5 {[%emt 0:00:28]} 32. Kd1 {[%emt 0:00:04]} d3 {[%emt 0:00:13]} 33. exd3 {[%emt 0:01:55]} Rc3 {[%emt 0:00:10]} 34. d4 {[%emt 0:00:26]} Rxa3 {[%emt 0:00:36]} 35. dxc5 {[%emt 0:00:22]} Rd3+ {[%emt 0:01:01]} 36. Rxd3 {[%emt 0:00:03]} Nxd3 {[%emt 0:00:04]} 37. Bc6 {[%emt 0:01:11]} b4 {[%emt 0:00:19]} 38. Kd2 {[%emt 0:00:31]} Nxc5 {[%emt 0:00:07]} 39. Bd5 {[%emt 0:00:27]} Ke7 {[%emt 0:00:15]} 40. Bg8 {[%emt 0:00:00]} h6 {[%emt 0:00:00]} 41. Ke3 {[%emt 0:04:00]} b3 {[%emt 0:14:39]} 42. a3 {[%emt 0:01:29]} Kf6 {[%emt 0:08:20]} 43. Kd4 {[%emt 0:06:25]} Ne6+ {[%emt 0:00:29]} 44. Kc3 {[%emt 0:00:14]} h5 {[%emt 0:01:43]} 45. f4 {[%emt 0:07:33]} g6 {[%emt 0:06:13]} 46. Kd2 {[%emt 0:01:52]} Ke7 {[%emt 0:01:18]} 47. Kc3 {[%emt 0:01:06]} Kf6 {[%emt 0:02:10]} 48. Kd2 {[%emt 0:00:06]} Ke7 {[%emt 0:00:50]} 49. Kc3 {[%emt 0:00:04]} Nxf4 {[%emt 0:00:34]} 50. Bc4 {[%emt 0:00:02]} Ng2 {[%emt 0:00:29]} 51. Bb5 {[%emt 0:00:31]} Nxh4 {[%emt 0:00:09]} 52. Bxa4 {[%emt 0:00:03]} Nf5 {[%emt 0:00:54]} 53. Bxb3 {[%emt 0:00:03]} h4 {[%emt 0:00:29]} 54. Kd3 {[%emt 0:01:14]} Kd6 {[%emt 0:00:30]} 55. Bd1 {[%emt 0:01:58]} h3 {[%emt 0:00:30]} 56. Bf3 {[%emt 0:01:26]} g5 {[%emt 0:00:22]} 57. Ke4 {[%emt 0:07:16]} Ng3+ {[%emt 0:00:36]} 58. Ke3 {[%emt 0:00:01]} h2 {[%emt 0:00:33]} 59. Kf2 {[%emt 0:00:32]} h1=Q {[%emt 0:00:17]} 60. Bxh1 {[%emt 0:00:05]} Nxh1+ {[%emt 0:00:03]} 61. Kg2 {[%emt 0:00:08]} Kc5 {[%emt 0:00:03]} 1/2-1/2